000 00599nam a2200193Ii 4500
003 JO-AjNU
008 230605s9999||||xx |||||||||||||| ||und||
040 _aJO-AjNU
_bara
_erda
_cJO-AjNU
041 _aara
050 1 4 _aPJ7832.U44.A15 1978
100 3 _aالهوني، محمد بالقاسم,
_eauthor
_935541
245 0 0 _aشرخ في المرآة
264 3 1 _aتونس:الدار العربية،1978
300 _a106ص
336 _atext
_btxt
_2rdacontent
337 _aunmediated
_bn
_2rdamedia
338 _avolume
_bnc
_2rdacarrier
650 4 _aالأدب العربي - قصص
_935542
999 _aA14684
_c18252
_d18252